Epistemología (Registro nro. 5041)
[ vista simple ]
| 000 -LEADER | |
|---|---|
| fixed length control field | 01590 a2200229 4500 |
| 001 - CONTROL NUMBER | |
| control field | 52990 |
| 005 - DATE AND TIME OF LATEST TRANSACTION | |
| control field | 20260407155804.0 |
| 008 - FIXED-LENGTH DATA ELEMENTS--GENERAL INFORMATION | |
| fixed length control field | 260407a1985 arg spa d |
| 003 - CONTROL NUMBER IDENTIFIER | |
| control field | AR-UNSa-BCEJYS |
| 040 ## - CATALOGING SOURCE | |
| Original cataloging agency | AR-UNSa-BCEJYS |
| Language of cataloging | spa |
| Transcribing agency | AR-UNSa-BCEJYS |
| 080 ## - UNIVERSAL DECIMAL CLASSIFICATION NUMBER | |
| Universal Decimal Classification number | 165 |
| Common auxiliary subdivision | Teoría del conocimiento. Epistemología |
| 020 ## - INTERNATIONAL STANDARD BOOK NUMBER | |
| International Standard Book Number | 84-344-8004-2 |
| 041 ## - LANGUAGE CODE | |
| Language code of text/sound track or separate title | spa |
| 100 1# - MAIN ENTRY--PERSONAL NAME | |
| Personal name | Bunge, Mario |
| 245 10 - TITLE STATEMENT | |
| Title | Epistemología |
| Name of part/section of a work | curso de actualización |
| 264 #1 - PRODUCTION, PUBLICATION, DISTRIBUTION, MANUFACTURE, AND COPYRIGHT NOTICE | |
| Place of production, publication, distribution, manufacture | Barcelona : |
| Name of producer, publisher, distributor, manufacturer | Ariel |
| Date of production, publication, distribution, manufacture, or copyright notice | 1985 |
| 300 ## - PHYSICAL DESCRIPTION | |
| Extent | 275 p. |
| Dimensions | 21 cm. |
| 505 ## - FORMATTED CONTENTS NOTE | |
| Formatted contents note | I. Introducción: 1. ¿Qué es y para qué sirve la epistemología? - 2. ¿Qué es y a qué puede aplicarse el método científico? - II. Filosofía de las ciencias formales: 3. Naturaleza de los objetos conceptuales - 4.¿Qué es una proposición? - III.Filosofía de la Física: 5. Referencia y contenido de una teoría Física - 6. Problemas filosóficos de la mecánica cuántica - IV. Filosofía de la Biología: 7. El concepto de organismo - 8. Biofilosofía - V. Filosofía de la Psicología: 9. Psicología y Filosofía - 10. El enfoque psicobiológico - VI. Filosofía de las ciencias sociales: 11. Examen filosófico del vocabulario sociológico - 12. Tres concepciones de la sociedad - VII. Filosofía de la Tecnología: 13. Tecnología y Filosofía - 14. Iatrofilosofía - VIII. Moralejas: 15. Tres politícas de desarrollo cientifíco - 16. Carta a una aprendiza de epistemóloga |
| 590 ## - LOCAL NOTE (RLIN) | |
| Local note | niveau_biblio:m niveau_hierar:0 |
| 856 41 - ELECTRONIC LOCATION AND ACCESS | |
| Uniform Resource Identifier | <a href="https://www.biblioeco.unsa.edu.ar/pmb/images/libros/L128365.jpg">https://www.biblioeco.unsa.edu.ar/pmb/images/libros/L128365.jpg</a> |
| Link text | Imagen de portada |
| Electronic format type | image/jpeg |
| 942 ## - ADDED ENTRY ELEMENTS (KOHA) | |
| Koha item type | |
| Withdrawn status | Lost status | Damaged status | Not for loan | Home library | Current library | Shelving location | Date acquired | Total checkouts | Full call number | Barcode | Date last seen | Price effective from | Koha item type |
|---|---|---|---|---|---|---|---|---|---|---|---|---|---|
| Biblioteca Prof. Eusebio Cleto del Rey | Biblioteca Prof. Eusebio Cleto del Rey | 07/04/2026 | 165 B942 | L128365 | 07/04/2026 | 07/04/2026 | Libro |